Άπαντα
Αποθηκεύτηκε σε:
| Κύριος συγγραφέας: | |
|---|---|
| Άλλοι συγγραφείς: | |
| Μορφή: | Βιβλίο |
| Γλώσσα: | Greek |
| Δημοσίευση: |
Αθήνα : Πάτρα :
Ίδρυμα Κωστή Παλαμά ; Στέγη Γραμμάτων Κωστής Παλαμάς,
2017.
|
| Θέματα: | |
| Ετικέτες: |
Προσθήκη ετικέτας
Δεν υπάρχουν, Καταχωρήστε ετικέτα πρώτοι!
|
MARC
| LEADER | 00000cam a2200000 a 4500 | ||
|---|---|---|---|
| 001 | 1/117006 | ||
| 008 | 180711s2017####gr | ||| |||| ||gre|| | ||
| 020 | |a 9789607106216 |q (set) | ||
| 020 | |a 9789607106223 |q (τ. 1) | ||
| 040 | |a GR-MyUa |b gre |c GR-MyUa |e AACR2 | ||
| 041 | 0 | |a gre | |
| 082 | 7 | |a 889.132 |2 (23) | |
| 082 | 7 | |a 889.1 |2 (23) | |
| 100 | 1 | |a Παλαμάς, Κωστής, |d 1859-1943. | |
| 245 | 1 | 0 | |a Άπαντα / |c Κωστής Παλαμάς ; επιμέλεια: Κ. Γ. Κασίνης. |
| 260 | |a Αθήνα : |b Ίδρυμα Κωστή Παλαμά ; |a Πάτρα : |b Στέγη Γραμμάτων Κωστής Παλαμάς, |c 2017. | ||
| 300 | |a 471 σ. ; |c 24 εκ. + |e έγχρωμο ένθετο. | ||
| 504 | |a Περιλαμβάνει βιβλιογραφικές παραπομπές και ευρετήρια. | ||
| 505 | 8 | |a Τ. 1. Τα τραγούδια της πατρίδος μου, ο Ύμνος της Αθηνάς, Τα μάτια της ψυχής μου. | |
| 650 | 0 | |a Greek poetry. | |
| 700 | 1 | |a Κασίνης, Κωνσταντίνος Γ., |d 1943- |e edt | |
| 852 | |a INST |b CHIOS |e 20181029 |h 889.1 ΠΑΛ |p 005200040169 |q 005200040169 |t BK |v τομ.1: |y 0 | ||
| 852 | |a INST |b LESVOS |e 20190801 |h 889.12 ΠΑΛ |p 005100061820 |q 005100061820 |t BK |v τομ.1: |y 0 | ||
| 852 | |a INST |b RHODES |e 20180711 |h 889.132 ΠΑΛ |p 005400040163 |q 005400040163 |t BK |v τομ.1: |y 0 | ||
| 852 | |a INST |b SAMOS |e 20180912 |h 889.1 ΠΑΛ |p 005300045563 |q 005300045563 |t BK |v τομ.1: |y 0 | ||
| 852 | |a INST |b SYROS |e 20180724 |h 889.1 ΠΑΛ |p 005500013480 |q 005500013480 |t BK |v τομ.1: |y 0 | ||
| 853 | |a INST |b CHIOS |h 889.1 ΠΑΛ | ||
| 853 | |a INST |b LESVOS |h 889.12 ΠΑΛ | ||
| 853 | |a INST |b RHODES |h 889.132 ΠΑΛ | ||
| 853 | |a INST |b SAMOS |h 889.1 ΠΑΛ | ||
| 853 | |a INST |b SYROS |h 889.1 ΠΑΛ | ||
| 970 | |a Κωτάκου |b Μαρία |z 11/07/2018 | ||